Países & Capitales del Mundo - Estadísticas

Estadísticas generales
  • Esta prueba ha sido intentada 637 veces
  • La puntuación promedio es 260 de 392
Respuestas en el mapa
Las respuestas están codificadas por una escala verde-roja en el mapa de la prueba según el % correcto abajo.
 
Estadísticas de respuestas
País % Correcto
España
90%
México
90%
Canadá
89%
Estados Unidos
89%
Alemania
88%
Brasil
88%
Francia
88%
Madrid
88%
Bélgica
87%
Chile
87%
Dinamarca
87%
Finlandia
87%
Irlanda
87%
Noruega
87%
Portugal
87%
Rusia
87%
Argentina
86%
Italia
86%
Perú
86%
Polonia
86%
Reino Unido
86%
Uruguay
86%
Andorra
85%
Bolivia
85%
Colombia
85%
Cuba
85%
Ecuador
85%
Lisboa
85%
Paraguay
85%
París
85%
Suecia
85%
Berlín
84%
Dublín
84%
Estonia
84%
Grecia
84%
Hungría
84%
Islandia
84%
Letonia
84%
Lituania
84%
Luxemburgo
84%
Oslo
84%
Ottawa
84%
Panamá
84%
Rumania
84%
Ucrania
84%
Venezuela
84%
Austria
83%
Bruselas
83%
Croacia
83%
Guatemala
83%
Honduras
83%
Londres
83%
Mónaco
83%
Moscú
83%
Nicaragua
83%
Atenas
82%
Bielorrusia
82%
Bogotá
82%
Copenhague
82%
Lima
82%
Países Bajos
82%
Albania
81%
Ámsterdam
81%
Brasilia
81%
Buenos Aires
81%
Caracas
81%
China
81%
Ciudad del Vaticano
81%
Corea del Sur
81%
Costa Rica
81%
El Salvador
81%
Guyana
81%
India
81%
Kiev
81%
Montevideo
81%
Santiago
81%
Suiza
81%
Turquía
81%
Viena
81%
Washington D.C.
81%
Bahamas
80%
Belice
80%
Bulgaria
80%
Eslovaquia
80%
Helsinki
80%
Irak
80%
Irán
80%
Quito
80%
Roma
80%
Varsovia
80%
Arabia Saudita
79%
Argel
79%
Australia
79%
Corea del Norte
79%
Egipto
79%
Estocolmo
79%
Haití
79%
Japón
79%
La Habana
79%
Marruecos
79%
Reikiavik
79%
Surinam
79%
Andorra La Vieja
78%
Asunción
78%
Budapest
78%
Eslovenia
78%
Macedonia del Norte
78%
Mongolia
78%
Montenegro
78%
Pakistán
78%
República Checa
78%
República Dominicana
78%
San Marino
78%
Sofía
78%
Yemen
78%
Afganistán
77%
Madagascar
77%
Serbia
77%
Argelia
76%
Berna
76%
Bucarest
76%
Indonesia
76%
Israel
76%
Managua
76%
Pekín
76%
Ankara
75%
Chipre
75%
Filipinas
75%
Jamaica
75%
Kósovo
75%
Libia
75%
Malta
75%
Minsk
75%
Moldavia
75%
Omán
75%
Praga
75%
Seúl
75%
Sudáfrica
75%
Tirana
75%
Tokio
75%
Túnez
75%
Zagreb
75%
Laos
74%
San José
74%
San Salvador
74%
Sucre
74%
Catar
73%
Jordania
73%
Kazajistán
73%
Nueva Delhi
73%
Nueva Zelanda
73%
Siria
73%
Tailandia
73%
El Cairo
72%
Georgia
72%
Guinea
72%
Jerusalén
72%
Kenia
72%
Líbano
72%
Somalia
72%
Tegucigalpa
72%
Vietnam
72%
Azerbaiyán
71%
Canberra
71%
Chad
71%
Emiratos Árabes Unidos
71%
Etiopía
71%
Kirguistán
71%
Kuwait
71%
Liechtenstein
71%
Nepal
71%
Puerto Príncipe
71%
Sudán
71%
Armenia
70%
Birmania
70%
Camboya
70%
Níger
70%
Riga
70%
Tallín
70%
Trinidad y Tobago
70%
Angola
69%
Bratislava
69%
Camerún
69%
Costa de Marfil
69%
Malí
69%
Mauritania
69%
Sri Lanka
69%
Turkmenistán
69%
Uzbekistán
69%
Antigua y Barbuda
68%
Bután
68%
Domínica
68%
Kingston
68%
Malasia
68%
Nigeria
68%
Pionyang
68%
Santo Domingo
68%
Bangladés
67%
Barbados
67%
Guinea Ecuatorial
67%
La Valeta
67%
Mozambique
67%
Singapur
67%
Taiwán
67%
Tayikistán
67%
Belmopán
66%
Cabo Verde
66%
Ghana
66%
Granada
66%
Maldivas
66%
Manila
66%
Mauricio
66%
República Centroafricana
66%
República Democrática del Congo
66%
Ruanda
66%
Santa Lucía
66%
Senegal
66%
Sierra Leona
66%
Sudán del Sur
66%
Vilna
66%
Eritrea
65%
Estados Federados de Micronesia
65%
Liubliana
65%
Papúa Nueva Guinea
65%
Sarajevo
65%
Teherán
65%
Uganda
65%
Yibuti
65%
Zambia
65%
Zimbabue
65%
Bagdad
64%
Botsuana
64%
Liberia
64%
Rabat
64%
Seychelles
64%
Tanzania
64%
Abu Dabi
63%
Baréin
63%
Belgrado
63%
Bosnia y Herzegovina
63%
Brunéi
63%
Burkina Faso
63%
Comoras
63%
Damasco
63%
Fiyi
63%
Georgetown
63%
Islas Salomón
63%
Lesoto
63%
Malaui
63%
Namibia
63%
Nicosia
63%
Santo Tomé
63%
Togo
63%
Vaduz
63%
Benín
62%
Burundi
62%
Chisináu
62%
Gabón
62%
Riad
62%
Ulán Bator
62%
Yakarta
62%
Gambia
61%
Hanói
61%
Islas Marshall
61%
Nasáu
61%
Skopie
61%
Beirut
60%
Nairobi
60%
Palaos
60%
Puerto España
60%
República del Congo
60%
Suazilandia
60%
Wellington
60%
Bangkok
59%
Doha
59%
Islamabad
59%
Kabul
59%
Kiribati
59%
Paramaribo
59%
Pristina
59%
Samoa
59%
Tonga
59%
Tuvalu
59%
Vanuatu
59%
Bakú
58%
Guinea-Bisáu
58%
Nauru
58%
Taipéi
58%
Timor Oriental
58%
Podgorica
57%
San Cristóbal y Nieves
57%
Trípoli
57%
Amán
56%
Katmandú
56%
Kuala Lumpur
56%
Saná
56%
Tiflis
56%
Antananarivo
55%
Ereván
55%
San Vicente y las Granadinas
55%
Adís Abeba
54%
Daca
54%
Dakar
53%
Luanda
53%
Nur-Sultán
53%
Pretoria
53%
Bisáu
50%
Freetown
50%
Jartum
50%
Manama
50%
Bridgetown
49%
Mascate
49%
Saint John's
49%
Libreville
48%
Malé
48%
Accra
47%
Biskek
47%
Dili
47%
Mogadiscio
47%
Praia
47%
Roseau
47%
Saint George
47%
Victoria
47%
Brazzaville
46%
Kingstown
46%
Maputo
46%
Nom Pen
46%
Vientián
46%
Abuya
45%
Basseterre
45%
Kinsasa
45%
Timbú
45%
Asmara
44%
Conakri
44%
Naipyidó
44%
Yaundé
44%
Asjabad
43%
Castries
43%
Dusambé
43%
Gaborone
43%
Harare
43%
Taskent
43%
Kampala
42%
Porto-Novo
42%
Apia
41%
Bamako
41%
Dodoma
41%
Lomé
41%
Lusaka
41%
Malabo
41%
Niamey
41%
Suva
41%
Uagadugú
40%
Yamena
40%
Yuba
40%
Bangui
39%
Banjul
39%
Lilongüe
39%
Monrovia
39%
Nuakchot
39%
Port Louis
39%
Santo Tomé y Príncipe
39%
Yamusukro
39%
Kigali
38%
Port Vila
38%
Windhoek
38%
Mbabane
37%
Sri Jayawardenapura Kotte
37%
Maseru
36%
Gitega
35%
Moroni
35%
Funafuti
34%
Palikir
34%
Bandar Seri Begawan
33%
Honiara
33%
Nukualofa
32%
Tarawa
32%
Ngerulmud
31%
Yaren
31%
Majuro
30%
Puerto Moresby
30%
Kuwait City
22%
Estado de la Ciudad del Vaticano
13%
No se encontraron pruebas coincidentes
Distribución de puntuación
Porcentaje de gente con cada puntuación
Porcentaje por número respondido
Historial de tus puntuaciones
No has intentado esta prueba.